Psychology and teaching (Record no. 1352362)

MARC details
000 -LEADER
fixed length control field 00590nam a2200217Ia 4500
005 - DATE AND TIME OF LATEST TRANSACTION
control field 20250508154829.0
008 - FIXED-LENGTH DATA ELEMENTS--GENERAL INFORMATION
fixed length control field 008 250505s9999 xx 000 0 eng d
037 ## - SOURCE OF ACQUISITION
Stock number Textual
040 ## - CATALOGING SOURCE
Original cataloging agency FEDL
Language of cataloging eng
Transcribing agency FEDL
041 ## - LANGUAGE CODE
Language code of text/sound track or separate title eng
Source of code eng
084 ## - COLON CLASSIFICATION NUMBER
Classification number 370.15, MOR
Assigning agency FEDL
100 ## - MAIN ENTRY--PERSONAL NAME
Personal name Morse William C.
245 #0 - TITLE STATEMENT
Title Psychology and teaching
250 ## - EDITION STATEMENT
Edition statement 2nd
260 ## - PUBLICATION, DISTRIBUTION, ETC.
Place of publication, distribution, etc. Glenview
Name of publisher, distributor, etc. Scott, Foresman and Company
Date of publication, distribution, etc. 1955
300 ## - PHYSICAL DESCRIPTION
Extent 528p.
650 ## - SUBJECT ADDED ENTRY--TOPICAL TERM
Topical term or geographic name entry element Education - Psychology
700 ## - ADDED ENTRY--PERSONAL NAME
Personal name Wingo G. Max
9 (RLIN) 766211
942 ## - ADDED ENTRY ELEMENTS (KOHA)
Koha item type Textual
Classification part 370.15, MOR
Holdings
Withdrawn status Lost status Damaged status Not for loan Home library Current library Date acquired Total Checkouts Full call number Barcode Date last seen Price effective from Koha item type
        Department of Education Library Department of Education Library 2025-05-08   370.15, MOR EL0036634 2025-05-08 2025-05-08 Textual
Copyright @ Delhi University Library System